| 000 | 00852cam a22002411 4500 | ||
|---|---|---|---|
| 001 | e 18000502 | ||
| 003 | DLC | ||
| 005 | 20260227111209.0 | ||
| 008 | 960612s1918 dcua f000 0 eng c | ||
| 010 | _ae 18000502 | ||
| 035 | _a(OCoLC)34918817 | ||
| 040 |
_aLibrary, U.S. Bur. of Education _cMoU _dDLC |
||
| 050 | 0 | 0 |
_aL111 _b.A56 no. 8 |
| 051 |
_aS533 _b.J3 _cCopy 3. |
||
| 100 | 1 |
_aJarvis, Chester Deacon, _d1876- |
|
| 245 | 1 | 0 |
_aAdministrative organization of the college of agriculture. _cBy C.D. Jarvis, specialist in agricultural education. |
| 260 |
_a[Washington, _bGovt. Print. Off., _c1918] |
||
| 300 |
_a16 p. _bdiagr. _c23 cm. |
||
| 490 | 0 |
_aHigher education circular, _vno. 8, March 1918 |
|
| 500 | _aCaption title. | ||
| 500 | _aAt head of title: ... Department of the Interior ... | ||
| 650 | 0 |
_aAgricultural colleges _zUnited States. |
|
| 999 |
_c20202 _d20202 |
||